00613nab a2200181 uc450000100070000000500170000700800410002403500110006503500210007604000130009704100080011010000280011824500600014665000360020665000400024265000290028277301200031194319420240831090648.0050906e20050601 spa  a943194 a(OCoLC)820332493 ccomduadb aspa10aPacheco, Ruth4auteaut10aCompetencias claves para la comunicacion organizacional 7aCompetencia comunicativa2embne 7aComunicación organizacional2lemb aConflicto organizacional0 tChasqui : Revista Latinoamericana de Comunicación (Quito)gNo. 090, Jun. 2005, p. 70-75w126705x1390-1079070411